Online
Catalog

Confidencia de psiquis / (Record no. 22533)

MARC details
000 -CABECERA
campo de control de longitud fija 00754nam a2200217 a 4500
001 - NÚMERO DE CONTROL
campo de control 000023036
005 - FECHA Y HORA DE LA ÚLTIMA TRANSACCIÓN
campo de control 20200930021939.0
008 - DATOS DE LONGITUD FIJA--INFORMACIÓN GENERAL
campo de control de longitud fija 101124s1973 ve r 000 j spa d
040 ## - FUENTE DE LA CATALOGACIÓN
Centro catalogador/agencia de origen DO-SdBNP
Lengua de catalogación spa
Centro/agencia transcriptor BNPHU
082 ## - NÚMERO DE LA CLASIFICACIÓN DECIMAL DEWEY
Número de clasificación Ve863.5
Número de documento/Ítem D542c
049 ## - FONDOS LOCALES (OCLC)
Fondos de biblioteca BNGR
100 1# - ENTRADA PRINCIPAL--NOMBRE DE PERSONA
Nombre de persona Díaz Rodríguez, Manuel,
Títulos y otros términos asociados al nombre 1868-1927.
9 (RLIN) 4375
245 10 - MENCIÓN DE TÍTULO
Título Confidencia de psiquis /
Mención de responsabilidad, etc. Manuel Díaz Rodríguez ; prólogo Pedro Emilio Coll.
260 ## - PUBLICACIÓN, DISTRIBUCIÓN, ETC.
Lugar de publicación, distribución, etc. Caracas, (Venezuela) :
Nombre del editor, distribuidor, etc. Monte Ávila Editores,
Fecha de publicación, distribución, etc. 1973.
300 ## - DESCRIPCIÓN FÍSICA
Extensión 98, [5] p. ;
Dimensiones 16 cm.
490 1# - MENCIÓN DE SERIE
Mención de serie Biblioteca popular el dorado
Designación de volumen o secuencia 95
650 #4 - PUNTO DE ACCESO ADICIONAL DE MATERIA--TÉRMINO DE MATERIA
Término de materia o nombre geográfico como elemento de entrada Cuentos venezolanos
9 (RLIN) 3815
650 #4 - PUNTO DE ACCESO ADICIONAL DE MATERIA--TÉRMINO DE MATERIA
Término de materia o nombre geográfico como elemento de entrada Literatura venezolana
9 (RLIN) 3816
700 1# - PUNTO DE ACCESO ADICIONAL--NOMBRE DE PERSONA
Nombre de persona Coll, Pedro Emilio
Término indicativo de función/relación pról.
9 (RLIN) 47400
830 #0 - PUNTO DE ACCESO ADICIONAL DE SERIE-TÍTULO UNIFORME
Título uniforme Biblioteca popular el dorado ;
Designación de volumen o secuencia 95
9 (RLIN) 13605
Holdings
Estado de retiro Estado de pérdida Restricciones de uso No para préstamo Código de colección Localización permanente Ubicación/localización actual Ubicación en estantería Fecha de adquisición Número de inventario Total de préstamos Signatura topográfica completa Código de barras Fecha visto por última vez Precio válido a partir de Tipo de ítem Koha
        Monografías: Libros y Folletos General General En catalogación 24.11.2010 LF1   Ve863.5 D542c 23036-10 25.06.2020 25.06.2020 Préstamo en sala

Powered by Koha